01469na a2200337 450000100060000000300080000600500170001400800410003103500100007204000250008204100080010708200300011524500850014526000360023030000320026650002360029850400490053461000640058365000320064765000790067965000410075865000610079965100360086065700410089665700320093765700310096971000160100074000440101674000350106074000360109522914MIRAKIL20181213155108.0170303b tu 000 0  a13419 aMilasbturcTR-AnCHP atur aCHP 324.9561bT96 1997/09 aTürkiye siyasi profil araştırmasıbEylül 1997c[hazırlayan] Sonar Group aİstanbulbSonarcEylül 1997 a[27] s.btbl.; grf.c30 sm. aYerel numaradaki sayılar araştırmanın yapıldığı ayları temsil eder : Ocak -1 ; Şubat - 2 ; Mart - 3 ; Nisan - 4 ; Mayıs - 5; Haziran - 6 ; Temmuz - 7; Ağustos - 8; Eylül - 9; Ekim - 10; Kasım - 11 ; Aralık - 12. aGiriş -- Bulgular -- Tablolar -- Grafikler aCHPxKamuoyu araştırmalarıySiyasal eğilimzTürkiye aSiyasal eğilimzTürkiye aYerel yönetimlerxKamuoyu araştırmalarıySiyasal eğilimzTürkiye aKamuoyu araştırmalarızTürkiye aYerel yönetimlerxKamuoyu araştırmalarızTürkiye aTürkiyexSiyaset ve yönetim aCHP siyasal eğilim araştırması aCHP kamuoyu araştırması aCHP seçmen araştrması aSonar Group a1997 siyasal eğilim araştırmaları a1997 kamuoyu araştırmaları a1997 seçmen araştırmaları